Miracle living: (Record no. 12602)

000 -LEADER
fixed length control field 00563nam a2200181 a 4500
001 - CONTROL NUMBER
control field :::00010410$&:&@@
003 - CONTROL NUMBER IDENTIFIER
control field OkBaRHE
005 - DATE AND TIME OF LATEST TRANSACTION
control field 20000607103358.0
008 - FIXED-LENGTH DATA ELEMENTS--GENERAL INFORMATION
fixed length control field s1980 j 000 0 eng u
040 ## - CATALOGING SOURCE
Transcribing agency
100 1# - MAIN ENTRY--PERSONAL NAME
Personal name Foster, Glenn.
245 10 - TITLE STATEMENT
Title Miracle living:
Remainder of title your answer to the struggle to live.
260 ## - PUBLICATION, DISTRIBUTION, ETC. (IMPRINT)
Place of publication, distribution, etc Glendale, AZ., :
Name of publisher, distributor, etc Sweetwater Ministries
Date of publication, distribution, etc c1980
300 ## - PHYSICAL DESCRIPTION
Extent 146 p. ;
Dimensions 18 cm.
650 ## - SUBJECT ADDED ENTRY--TOPICAL TERM
Topical term or geographic name as entry element Christian Living
942 ## - ADDED ENTRY ELEMENTS (KOHA)
Source of classification or shelving scheme
Koha item type Books
Copies
Damaged status Date last seen Price effective from Full call number Barcode Date acquired Permanent Location Shelving location Withdrawn status Not for loan Lost status Source of classification or shelving scheme Koha item type Copy number
 2010-04-142010-04-14BV 4501 .F6104102010-04-14RHEMA Bible Training CollegeGeneral Stacks    Books1